000 00540nam a2200181Ia 4500
008 090122s9999 xx 000 0 und d
082 _b11254
100 _aवाकोडे
_bमधुकर
245 _aझेलझपाटा
260 _bदेशमुख आणि कं.
_c1988
300 _a99
501 _a"सावरकर / आठवले, भेट"
600 _aवाकोडे
630 _aझेलझपाटा
700 _aवाकोडे
730 _aझेलझपाटा
942 _cBOOK
999 _c35331
_d35331